<?xml version="1.0" encoding="UTF-8"?>
<record
    xmlns:xsi="http://www.w3.org/2001/XMLSchema-instance"
    xsi:schemaLocation="http://www.loc.gov/MARC21/slim http://www.loc.gov/standards/marcxml/schema/MARC21slim.xsd"
    xmlns="http://www.loc.gov/MARC21/slim">

  <leader>04601nab a2200337 i 4500</leader>
  <controlfield tag="003">BR-BrBNA</controlfield>
  <controlfield tag="005">20250410122833.0</controlfield>
  <controlfield tag="008">250410b2019    bl.ar|pooa||| 00| 0 por |</controlfield>
  <datafield tag="040" ind1=" " ind2=" ">
    <subfield code="a">BR-BrBNA</subfield>
    <subfield code="b">por</subfield>
  </datafield>
  <datafield tag="072" ind1=" " ind2=" ">
    <subfield code="a">F30</subfield>
    <subfield code="b">0960</subfield>
  </datafield>
  <datafield tag="100" ind1=" " ind2=" ">
    <subfield code="a">Souza, Douglas Correa de </subfield>
  </datafield>
  <datafield tag="100" ind1=" " ind2=" ">
    <subfield code="a">Ossani, Paulo Cesar </subfield>
  </datafield>
  <datafield tag="100" ind1=" " ind2=" ">
    <subfield code="a">Resende, Luciane Vilela </subfield>
  </datafield>
  <datafield tag="100" ind1=" " ind2=" ">
    <subfield code="a"> Cirillo, Marcelo &#xC2;ngelo</subfield>
  </datafield>
  <datafield tag="100" ind1=" " ind2=" ">
    <subfield code="a">Silva, Luis Felipe Lima e </subfield>
  </datafield>
  <datafield tag="100" ind1=" " ind2=" ">
    <subfield code="a">Xavier, Jo&#xE3;o Barcellos </subfield>
  </datafield>
  <datafield tag="245" ind1=" " ind2=" ">
    <subfield code="a">Variabilidade gen&#xE9;tica entre cultivares comerciais e h&#xED;bridos experimentais de morangueiro com &#xEA;nfase em an&#xE1;lise de m&#xFA;ltiplos fatores</subfield>
  </datafield>
  <datafield tag="500" ind1=" " ind2=" ">
    <subfield code="a">

Publica&#xE7;&#xE3;o online; 37 ref.; 5 tables; Summaries (En, Pt)</subfield>
  </datafield>
  <datafield tag="520" ind1=" " ind2=" ">
    <subfield code="a">


Resumo -  Com o intuito de desenvolver cultivares de morangueiro adaptadas as condi&#xE7;&#xF5;es edafoclim&#xE1;ticas brasileiras  s&#xE3;o  avaliados  e  selecionados  genitores que  apresentem  caracter&#xED;sticas  gen&#xE9;ticas  promissoras. Durante a sele&#xE7;&#xE3;o de materiais algumas estrat&#xE9;gias t&#xEA;m sido adotadas visando o sucesso do programa de melhoramento  gen&#xE9;tico,  a  exemplo,  o  uso  de  ferramentas  estat&#xED;sticas  como  as  t&#xE9;cnicas  multivariadas  de an&#xE1;lise  de  dados.  Objetivou-se  com  esse  trabalho  avaliar  o  n&#xED;vel  de  similaridade  entre  gen&#xF3;tipos  de morangueiro com o prop&#xF3;sito  de diagnosticar  poss&#xED;veis agrupamentos em rela&#xE7;&#xE3;o &#xE0;s  vari&#xE1;veis  analisadas,utilizando   as   t&#xE9;cnicas   de   an&#xE1;lises   multivariadas.   Foram   estudados   103   h&#xED;bridos   experimentais desenvolvidos pelo programa de melhoramento gen&#xE9;tico da Universidade Federal de Lavras (UFLA) e sete cultivares comerciais importadas, avaliando as caracter&#xED;sticas de produ&#xE7;&#xE3;o e as vari&#xE1;veis f&#xED;sico-qu&#xED;micas do fruto  de  cada  gen&#xF3;tipo,  utilizando-se  a  an&#xE1;lise  de m&#xFA;ltiplos  fatores  (MFA)  e  de  componentes  principais(PCA). Os 110 gen&#xF3;tipos estudados apresentam alto grau de similaridade entre si (78,8%), sendo que mais de  97%  dos  h&#xED;bridos  experimentais  tem  similaridade forte  ou  alta  com  os  demais  gen&#xF3;tipos.As  cultivares comerciais &#x2018;Camarosa&#x2019; e &#x2018;Oso Grande&#x2019;, e os h&#xED;bridos experimentais MDSC12-146, MCA12-121 e MDA12-23 s&#xE3;o os materiais que apresentaram maior diverg&#xEA;ncia com rela&#xE7;&#xE3;o aos demais gen&#xF3;tipos estudados, sendo recomendados para aumentar a base gen&#xE9;tica no programa de melhoramento.  


Palavras chave -  Fragaria x ananassa Duch, Similaridade, Programa de melhoramento.</subfield>
  </datafield>
  <datafield tag="520" ind1=" " ind2=" ">
    <subfield code="a">


Abstract -   In  order  to  develop  strawberry  cultivars  adapted  to  the  Brazilian  edaphoclimatic  conditions, parents are evaluated and  selected  with promising genetic characteristics. During the selection  of materials some  strategies  have  been  adopted  for  the  success  of  the  breeding  program,  for  example,  the  use  of statistical tools such as multivariate data analysis techniques. The purpose of this study was to evaluate the level of similarity between strawberry genotypes for the purpose of diagnosing possible groupings in relation to  the  variables  analyzed  using  analysis  techniques  multivariate.  It  was  studied  103  experimental  hybrids developed  by  Universidade  Federal  de  Lavras  (UFLA)   breeding  program  and  seven  imported  commercial cultivars,  evaluating  the  production  characteristics  and  the  physico-chemical  variables  of  the  fruit  of  each genotype,  using  the  multiple  factor  analysis  (MFA) and  principal  components  (PCA).  The  110  genotypes studied  showed  a  high  degree  of  similarity  among  them  (78.8%),  with  more  than  97%  of  the  experimental hybrids  having  strong  or  high  similarity  with  the  other  genotypes. The  commercial  cultivars  'Camarosa'  and 'Oso Grande', and the experimental hybrids MDSC12-146, MCA12-121 and MDA12-23 are the materials that present greater divergence with respect to the other genotypes studied, being recommended to increase the genetic base in the program improvement. 


Keywords -  Fragaria x ananassa Duch, Similarity, Breeding program.</subfield>
  </datafield>
  <datafield tag="650" ind1=" " ind2=" ">
    <subfield code="a">MORANGO</subfield>
  </datafield>
  <datafield tag="650" ind1=" " ind2=" ">
    <subfield code="a">CONDI&#xC7;&#xC3;O AMBIENTAL</subfield>
  </datafield>
  <datafield tag="650" ind1=" " ind2=" ">
    <subfield code="a">GEN&#xD3;TIPO</subfield>
  </datafield>
  <datafield tag="650" ind1=" " ind2=" ">
    <subfield code="a">VARIA&#xC7;&#xC3;O GEN&#xC9;TICA</subfield>
  </datafield>
  <datafield tag="650" ind1=" " ind2=" ">
    <subfield code="a">MELHORAMENTO GEN&#xC9;TICO VEGETAL</subfield>
  </datafield>
  <datafield tag="650" ind1=" " ind2=" ">
    <subfield code="a">M&#xC9;TODO ESTAT&#xCD;STICO</subfield>
  </datafield>
  <datafield tag="773" ind1="0" ind2=" ">
    <subfield code="0">3583</subfield>
    <subfield code="9">349608</subfield>
    <subfield code="d">Cruz das Almas-BA Universidade Federal da Bahia - Escola de Agron&#xF4;mia 1983</subfield>
    <subfield code="o">2025-2128</subfield>
    <subfield code="t">Magistra (Brazil)</subfield>
    <subfield code="x">0102-5333</subfield>
    <subfield code="g">v.  30 p. 48-59; (2019)</subfield>
    <subfield code="w">BR2025000614</subfield>
  </datafield>
  <datafield tag="856" ind1=" " ind2=" ">
    <subfield code="u">https://periodicos.ufrb.edu.br/index.php/magistra/article/view/4181/2171</subfield>
  </datafield>
  <datafield tag="942" ind1=" " ind2=" ">
    <subfield code="c">ANA</subfield>
  </datafield>
  <datafield tag="999" ind1=" " ind2=" ">
    <subfield code="c">330963</subfield>
    <subfield code="d">330963</subfield>
  </datafield>
</record>
